00582nam a2200193Ia 4500999001700000003000400017005001700021008004100038040001800079082001800097100003500115245005700150260005500207300000900262500004000271650001000311700002500321942004200346 c16343d16343OSt20200606115911.0190216s9999||||xx |||||||||||||| ||und|| cMESKC library a813.52bLON/J1 aLondon, Jack,9148d1876-1916. 0aJungle Ka Raja = The Call Of The Wild /cJack London bR M K Publishers and distributors,aDelhi :c2002. a152p aTranslation of The Call Of The Wild aHindi 9149aParashar, Reema cBK2ddch813.52iLON/Jk813.52mLON/J